All 2021 WTA Champions - Statistics

General Stats
  • This quiz has been taken 33 times
  • The average score is 28 of 55
Answer Stats
Tournament Category Champion % Correct
Wimbledon Grand Slam Ashleigh Barty
92%
Miami Masters 1000 Ashleigh Barty
92%
Cincinnati Masters 1000 Ashleigh Barty
92%
Melbourne 1 WTA 500 Ashleigh Barty
92%
Stuttgart WTA 500 Ashleigh Barty
92%
Australian Open Grand Slam Naomi Osaka
92%
Roland Garros Grand Slam Barbora Krejčíková
88%
Strasbourg WTA 250 Barbora Krejčíková
88%
Prague WTA 250 Barbora Krejčíková
88%
Rome Masters 1000 Iga Świątek
88%
Adelaide WTA 500 Iga Świątek
88%
US Open Grand Slam Emma Raducanu
84%
Madrid Masters 1000 Aryna Sabalenka
80%
Abu Dhabi WTA 500 Aryna Sabalenka
80%
Parma WTA 250 Coco Gauff
72%
Bad Homburg WTA 250 Angelique Kerber
68%
Eastbourne WTA 500 Jeļena Ostapenko
68%
Birmingham WTA 250 Ons Jabeur
60%
Doha WTA 500 Petra Kvitová
60%
Chicago WTA 250 Elina Svitolina
56%
St. Petersburg WTA 500 Daria Kasatkina
52%
Melbourne WTA 250 Daria Kasatkina
52%
Montreal Masters 1000 Camila Giorgi
48%
San Jose WTA 500 Danielle Collins
48%
Palermo WTA 250 Danielle Collins
48%
Dubai Masters 1000 Garbiñe Muguruza
48%
Guadalajara WTA Finals Garbiñe Muguruza
48%
Chicago WTA 500 Garbiñe Muguruza
48%
Nottingham WTA 250 Johanna Konta
48%
Monterrey WTA 250 Leylah Fernandez
48%
Indian Wells Masters 1000 Paula Badosa
48%
Belgrade WTA 250 Paula Badosa
48%
Ostrava WTA 500 Anett Kontaveit
44%
Moscow WTA 500 Anett Kontaveit
44%
Cleveland WTA 250 Anett Kontaveit
44%
Cluj-Napoca WTA 250 Anett Kontaveit
44%
Charleston WTA 500 Veronika Kudermetova
44%
Melbourne 2 WTA 500 Elise Mertens
40%
Guia de Isora WTA 250 Ann Li
36%
Bogota WTA 250 Camila Osorio
32%
Portoroz WTA 250 Jasmine Paolini
32%
Berlin WTA 500 Liudmila Samsonova
32%
Courmayeur WTA 250 Donna Vekić
24%
Istanbul WTA 250 Sorana Cirstea
24%
Lausanne WTA 250 Tamara Zidanšek
20%
Nur-Sultan WTA 250 Alison van Uytvanck
16%
Lyon WTA 250 Clara Tauson
16%
Kockelscheuer WTA 250 Clara Tauson
16%
Cluj-Napoca WTA 250 Andrea Petkovic
12%
Guadalajara WTA 250 Sara Sorribes Tormo
12%
Budapest WTA 250 Yulia Putintseva
12%
Linz WTA 250 Alison Riske
8%
Charleston WTA 250 Astra Sharma
8%
Hamburg WTA 250 Elena-Gabriela Ruse
8%
Gdynia WTA 250 Maryna Zanevska
8%
No matching quizzes found
Score Distribution
Percent of People with Each Score
Percentile by Number Answered
Your Score History
You have not taken this quiz